Novela zákona o dani z príjmov 2022

Národná rada SR schválila dňa 6. 12. 2022 zákon, ktorým sa novelizuje zákon o dani z príjmov. V článku sú priblížené zmeny v tomto zákone, ktoré je možné rozdeliť do oblastí: opatrenia na ochranu proti daňovým podvodom, spresnenie uplatňovania daňového bonusu, opatrenia v oblasti preventívnej reštru...

Descrizione completa

Salvato in:
Dettagli Bibliografici
Autore principale: Vidová, Michaela
Natura: Capitolo di libro
Lingua:slovacco
Soggetti:
Tags: Aggiungi Tag
Nessun Tag, puoi essere il primo ad aggiungerne!!

MARC

LEADER 00000naa a2200000 4500
001 0291397
005 20240417075229.3
041 0 |a slo 
044 |a SK 
245 1 0 |a Novela zákona o dani z príjmov 2022  |c Michaela Vidová 
520 |a Národná rada SR schválila dňa 6. 12. 2022 zákon, ktorým sa novelizuje zákon o dani z príjmov. V článku sú priblížené zmeny v tomto zákone, ktoré je možné rozdeliť do oblastí: opatrenia na ochranu proti daňovým podvodom, spresnenie uplatňovania daňového bonusu, opatrenia v oblasti preventívnej reštrukturalizácie, opatrenia v oblasti závislých osôb a transferového oceňovania, úprava registrácie na daň z príjmov a ďalšie opatrenia. 
610 2 0 |a účtovníctvo daňové 
610 2 0 |a zákony 
610 2 0 |a legislatíva 
610 2 0 |a novelizácia 
610 2 0 |a dane z príjmov 
610 2 0 |a zvýhodnenie daňové 
610 2 0 |a oceňovanie transferové 
610 2 0 |a reštrukturalizácia 
610 2 0 |a registrácia 
610 2 0 |a podvody daňové 
100 1 |a Vidová, Michaela